Statistics for 85 Biggest Cities

Click here to take the quiz!

General Stats

  • This quiz has been taken 25 times
  • The average score is 65 of 85

Answer Stats

PopulationUrban Area% Correct
cairo20.5 mCairo
96%
istanbul15.8 mIstanbul
96%
lagos18.8 mLagos
96%
los-angeles17.8 mLos Angeles
96%
manila25.2 mManila
96%
mexico-city22.8 mMexico City
96%
moscow17.2 mMoscow
96%
paris11.4 mParis
96%
saint-petersburg5.60 mSaint Petersburg
96%
shanghai35.9 mShanghai
96%
tokyo40.2 mTokyo
96%
beijing20.4 mBeijing
92%
bogota9.80 mBogotá
92%
buenos-aires16.3 mBuenos Aires
92%
delhi29.4 mDelhi
92%
guangzhou45.6 mGuangzhou
92%
london14.7 mLondon
92%
madrid6.45 mMadrid
92%
new-york-city22.4 mNew York City
92%
rio-de-janeiro13.1 mRio de Janeiro
92%
san-francisco7.85 mSan Francisco
92%
boston7.65 mBoston
88%
chicago9.75 mChicago
88%
dallas7.10 mDallas
88%
dhaka19.5 mDhaka
88%
houston6.60 mHouston
88%
jakarta30.6 mJakarta
88%
johannesburg13.7 mJohannesburg
88%
kinshasa12.0 mKinshasa
88%
lima9.90 mLima
88%
miami6.35 mMiami
88%
osaka17.7 mOsaka
88%
riyadh7.75 mRiyadh
88%
santiago7.20 mSantiago
88%
sao-paulo22.2 mSão Paulo
88%
tehran15.0 mTehran
88%
toronto7.35 mToronto
88%
washington-dc8.55 mWashington, DC
88%
bangkok18.3 mBangkok
84%
karachi17.3 mKarachi
84%
lahore12.6 mLahore
84%
luanda7.90 mLuanda
84%
mumbai24.7 mMumbai
84%
philadelphia7.35 mPhiladelphia
84%
xian6.80 mXi'an
84%
alexandria5.70 mAlexandria
80%
amman5.45 mAmman
80%
atlanta5.80 mAtlanta
80%
baghdad6.85 mBaghdad
80%
chennai11.0 mChennai
80%
detroit5.70 mDetroit
80%
ho-chi-minh-city8.60 mHo Chi Minh City
80%
hong-kong7.45 mHong Kong
80%
milan5.20 mMilan
76%
nairobi5.95 mNairobi
76%
seoul24.7 mSeoul
76%
bangalore11.8 mBangalore
72%
guadalajara5.25 mGuadalajara
72%
khartoum6.15 mKhartoum
72%
kolkata16.6 mKolkata
72%
wuhan8.85 mWuhan
72%
hyderabad9.85 mHyderabad
68%
nagoya10.5 mNagoya
68%
singapore7.80 mSingapore
68%
tianjin13.2 mTianjin
68%
chengdu9.80 mChengdu
64%
dar-es-salaam6.15 mDar es Salaam
64%
pune6.70 mPune
64%
taipei9.10 mTaipei
64%
abidjan5.45 mAbidjan
60%
ahmedabad8.25 mAhmedabad
60%
kuala-lumpur8.70 mKuala Lumpur
60%
nanjing6.70 mNanjing
60%
xiamen9.90 mXiamen
60%
yangon5.50 mYangon
56%
chongqing8.05 mChongqing
52%
surabaya6.00 mSurabaya
52%
qingdao5.95 mQingdao
44%
bandung6.85 mBandung
36%
hangzhou8.30 mHangzhou
36%
shenyang7.90 mShenyang
32%
surat6.35 mSurat
32%
shantou7.70 mShantou
16%
wenzhou5.25 mWenzhou
12%
zhengzhou5.35 mZhengzhou
12%

Score Distribution

Percentile by Number Answered

Percent of People with Each Score

Your Score History

You have not taken this quiz